000 00952nam a22002537a 4500
003 0
005 20260204145908.0
008 260204b xxu||||| |||| 00| 0 eng d
020 _a978-621-422-000-7
050 _aFIL 959.9
_bDs669 2016
082 _aFIL 959.9
_bDs669 2016
100 _aSuarez, Michelline
245 _aA Lolong time ago :
_ba prehistory of the Philippines
_cwritten by Michelline Suarez, Joonee Garcia, and Divine Reyes; illustrated by Benjor Catindig.
260 _aMakati City :
_bTahanan Books for Young Readers,
_c2016.
300 _a175 pages :
_bcolored illustrations ;
_c19 cm.
504 _aIncludes bibliographical references and index.
546 _ain English
650 _aPhilippines
_vHistory
_xJuvenile literature.
650 _aPhilippines
_vHistory
_xSources.
700 _aGarcia, Joonee, Garcia,
_eauthor.
700 _aReyes, Divine,
_eauthor.
700 _aCatindig, Benjor,
_eillustrator.
942 _2ddc
_cBK
999 _c368785
_d368785